| 000 | 00847nam a22002057a 4500 | ||
|---|---|---|---|
| 005 | 20180306141501.0 | ||
| 010 | _aB-689643 | ||
| 020 |
_c1500.00.00 _a9789386223517 |
||
| 035 | _aB-689643 | ||
| 037 |
_adpl _bAakar Books |
||
| 082 | _a181.45 | ||
| 100 | _aWright, H.Nelson | ||
| 245 |
_aThe coinage and metrology of the sultans of Delhi: _cby H. Nelson wright _bincorporating a catalogue of the coins in the author's cabinat now in the Delhi museum / |
||
| 260 |
_aDelhi _bB.R.Publishing _c2017 |
||
| 270 |
_a425,Nimri Colony,Ashok Vihar,Phase-IV _bDelhi _e110052 |
||
| 300 |
_axx,432p. _c22cm(Hb) _billus. photos, map |
||
| 500 | _aIncludes geographical index | ||
| 942 |
_2ddc _cEN _mWRI _h737.09545 |
||
| 999 |
_c150250 _d150250 |
||